000 00816nam a2200241 i 4500
001 54167
003 ES-MaACL
005 20230906162916.0
007 t|
008 931025s1866 sp ||||1| spa d
080 _a314.742(729.1)
080 _a326.8(729.1)
100 1 _aFiguera, Fermín.
_950750
245 1 0 _aEstudios sobre la isla de Cuba :
_bla cuestión social /
_cpor Fermín Figuera.
260 _aMadrid :
_b[s.n.],
_c1866 (
_fImp. del Colegio de Sordo-Mudos y de Ciegos)
300 _a132 p. ;
_c21 cm.
530 _aDisponible en formato digital.
650 4 _aEsclavitud-
_zCuba.
_9138905
651 4 _aCuba-
_xInmigración.
_98109
852 4 _aES-MaACL
_jT-185-F-7
852 4 _aES-MaACL
_jT-94-F-1
856 4 _uhttp://bdh-rd.bne.es/viewer.vm?id=0000077761&page=1
_zBiblioteca Digital Hispánica
999 _c54167
_d54167